h1

h2

h3

h4

h5
h6
001024492 001__ 1024492
001024492 005__ 20260207055820.0
001024492 0247_ $$2ISSN$$a2469-990X
001024492 0247_ $$2ISSN$$a2469-9918
001024492 0247_ $$2WOS$$aWOS:001637018100003
001024492 0247_ $$2doi$$a10.1103/nq3w-57gg
001024492 0247_ $$2datacite_doi$$a10.18154/RWTH-2026-00104
001024492 0247_ $$2SCOPUS$$aSCOPUS:2-s2.0-105026652862
001024492 037__ $$aRWTH-2026-00104
001024492 041__ $$aEnglish
001024492 082__ $$a530
001024492 1001_ $$00000-0001-7851-0287$$aDemirkır, Çayan$$b0
001024492 245__ $$aTo jump or not to jump: Adhesion and viscous dissipation dictate the detachment of coalescing wall-attached bubbles$$honline
001024492 260__ $$aCollege Park, MD$$bAPS$$c2025
001024492 300__ $$a1-15
001024492 3367_ $$00$$2EndNote$$aJournal Article
001024492 3367_ $$0PUB:(DE-HGF)16$$2PUB:(DE-HGF)$$aJournal Article$$bjournal$$mjournal
001024492 3367_ $$2BibTeX$$aARTICLE
001024492 3367_ $$2DRIVER$$aarticle
001024492 3367_ $$2DataCite$$aOutput Types/Journal article
001024492 3367_ $$2ORCID$$aJOURNAL_ARTICLE
001024492 588__ $$aDataset connected to , , , CrossRef, Journals: publications.rwth-aachen.de
001024492 591__ $$aGermany
001024492 591__ $$aNetherlands
001024492 7001_ $$00000-0002-9870-6743$$aYang, Rui$$b1
001024492 7001_ $$aBashkatov, Aleksandr$$b2
001024492 7001_ $$00000-0002-4293-6099$$aSanjay, Vatsal$$b3
001024492 7001_ $$00000-0003-4138-2255$$aLohse, Detlef$$b4
001024492 7001_ $$0P:(DE-82)999939$$aKrug, Dominik$$b5$$eCorresponding author$$urwth
001024492 773__ $$0PERI:(DE-600)2868596-9$$a10.1103/nq3w-57gg$$n12$$p123602$$tPhysical review fluids$$v10$$x2469-990X$$y2025
001024492 8564_ $$uhttps://publications.rwth-aachen.de/record/1024492/files/1024492.pdf$$yOpenAccess
001024492 8767_ $$82522154/5$$92024-12-13$$c3673.92$$d2026-02-06$$eHybrid-OA$$jPublish and Read$$v315.84$$x021000-415110
001024492 909CO $$ooai:publications.rwth-aachen.de:1024492$$popenCost$$pVDB$$pdriver$$popen_access$$popenaire$$pdnbdelivery
001024492 9101_ $$0I:(DE-588b)36225-6$$6P:(DE-82)999939$$aRWTH Aachen$$b5$$kRWTH
001024492 9141_ $$y2025
001024492 9151_ $$0StatID:(DE-HGF)0031$$2StatID$$aPeer reviewed article$$x0
001024492 915__ $$0StatID:(DE-HGF)0150$$2StatID$$aDBCoverage$$bWeb of Science Core Collection$$d2024-12-05
001024492 915__ $$0StatID:(DE-HGF)0300$$2StatID$$aDBCoverage$$bMedline$$d2024-12-05
001024492 915__ $$0LIC:(DE-HGF)CCBY4$$2HGFVOC$$aCreative Commons Attribution CC BY 4.0
001024492 915__ $$0StatID:(DE-HGF)0100$$2StatID$$aJCR$$bPHYS REV FLUIDS : 2022$$d2024-12-05
001024492 915__ $$0StatID:(DE-HGF)0200$$2StatID$$aDBCoverage$$bSCOPUS$$d2024-12-05
001024492 915__ $$0StatID:(DE-HGF)0113$$2StatID$$aWoS$$bScience Citation Index Expanded$$d2024-12-05
001024492 915__ $$0StatID:(DE-HGF)9900$$2StatID$$aIF < 5$$d2024-12-05
001024492 915__ $$0StatID:(DE-HGF)0510$$2StatID$$aOpenAccess
001024492 915__ $$0StatID:(DE-HGF)1150$$2StatID$$aDBCoverage$$bCurrent Contents - Physical, Chemical and Earth Sciences$$d2024-12-05
001024492 915__ $$0StatID:(DE-HGF)0160$$2StatID$$aDBCoverage$$bEssential Science Indicators$$d2024-12-05
001024492 915__ $$0StatID:(DE-HGF)0199$$2StatID$$aDBCoverage$$bClarivate Analytics Master Journal List$$d2024-12-05
001024492 915pc $$0PC:(DE-HGF)0000$$2APC$$aAPC keys set
001024492 915pc $$0PC:(DE-HGF)0001$$2APC$$aLocal Funding
001024492 915pc $$0PC:(DE-HGF)0002$$2APC$$aDFG OA Publikationskosten
001024492 915pc $$0PC:(DE-HGF)0133$$2APC$$aTIB: American Physical Society 01.01.2025
001024492 9201_ $$0I:(DE-82)415110_20140620$$k415110$$lLehrstuhl für Strömungsmechanik und Aerodynamisches Institut$$x0
001024492 961__ $$c2026-01-05T13:16:39.285543$$x2026-01-05T13:16:39.285543$$z2026-01-05T13:16:39.285543
001024492 9801_ $$aFullTexts
001024492 980__ $$aI:(DE-82)415110_20140620
001024492 980__ $$aUNRESTRICTED
001024492 980__ $$aVDB
001024492 980__ $$ajournal
001024492 980__ $$aAPC